Ben Affleck Movies - Statistics

General Stats
  • This quiz has been taken 25 times
  • The average score is 8 of 19
Answer Stats
Release Year Costars Movie % Correct
1997 Matt Damon, Robin Williams Good Will Hunting
100%
2014 Rosamund Pike, Tyler Perry Gone Girl
73%
1998 Bruce Willis, Steve Buscemi Armageddon
68%
2003 Jennifer Garner, Michael Clarke Duncan Daredevil
68%
2010 Rebecca Hall, Jeremy Renner The Town
64%
2012 Bryan Cranston, Alan Arkin Argo
59%
1999 Matt Damon, Alan Rickman Dogma
50%
2016 Anna Kendrick, J.K. Simmons The Accountant
50%
2000 Charlize Theron, Danny Trejo Reindeer Games
45%
2001 Kate Beckinsale, Alec Baldwin Pearl Harbor
36%
2016 Henry Cavill, Jesse Eisenberg Batman v Superman: Dawn of Justice
32%
1995 Sharen Doherty, Jeremy London Mallrats
32%
2004 Liv Tyler, Betty Aberlin Jersey Girl
27%
2003 Uma Thurman, Aaron Eckhart Paycheck
27%
2022 Ana de Armas, Kristen Connolly Deep Water
18%
2006 Andy Garcia, Ray Liotta Smokin' Aces
18%
2021 Lily Rabe, Christopher Lloyd The Tender Bar
18%
2019 Oscar Isaac, Charlie Hunnam Triple Frontier
18%
2002 Ben Affleck, Philip Baker Hall The Sum of All Tears
0%
No matching quizzes found
Score Distribution
Percent of People with Each Score
Percentile by Number Answered
Your Score History
You have not taken this quiz